| 000 | 00422nam a22001457a 4500 | ||
|---|---|---|---|
| 008 | 230227b |||||||| |||| 00| 0 eng d | ||
| 020 | _a978-93-88423-37-3 | ||
| 082 | _a808.511 | ||
| 100 | _aDale Carnegie | ||
| 245 | _aHow to develop self-confidence and Improve public speaking | ||
| 260 |
_aMumbai: _bJaico Publishing House, _c2022 |
||
| 300 |
_a216 p. _c21.8 cm |
||
| 942 | _2ddc | ||
| 999 |
_c9344 _d9345 |
||